Villes hôtes des Jeux Olympiques d'hiver - Carte quiz - Statistiques

Statistiques générales
  • Ce quiz a été pris 98 fois
  • Le résultat moyen est 13 sur 21
Réponses sur la Carte
Les réponses sont colorées sur une échelle allant du rouge au vert en fonction du pourcentage des utilisateurs qui les ont devinées à leur premier essai. Vous pouvez retrouver ces pourcentages ci-dessous.
 
Statistiques - réponses
Année Ville % Correct
1992 Albertville
91%
2010 Vancouver
86%
2022 Pékin
84%
1968 Grenoble
83%
1952 Oslo
81%
2014 Sotchi
81%
2006 Turin
78%
2002 Salt Lake City
73%
2018 PyeongChang
69%
1924 Chamonix
60%
1984 Sarajevo
59%
1994 Lillehammer
58%
1988 Calgary
56%
19641976 Innsbruck
55%
1998 Nagano
54%
19281948 Saint-Moritz
40%
1972 Sapporo
39%
19321980 Lake Placid
35%
1956 Cortina d'Ampezzo
34%
1936 Garmisch-Partenkirchen
31%
1960 Squaw Valley
20%
Aucun quiz correspondant
Distribution des résultats
% des personnes avec chaque résultat
Percentile par nombre de réponses
Votre historique - résultats
Vous n’avez pas pris ce quiz